000 00378nam a2200133Ia 4500
005 20260328104255.0
008 260328s9999||||xx |||||||||||||| ||und||
100 _aPorter, Tom
245 0 _aDiseño :
_b técnica Gráfica para Arquitectos ,diseñadores y artistas /
_cTom Porter
260 _bGustavo Gili
300 _a144 p.
650 _aDIBUJO ARQUITECTÓNICO
942 _cBK
999 _c10405
_d10405